MARC details
| 000 -CABECERA |
| campo de control de longitud fija |
01205nam a2200289 a 4500 |
| 001 - NÚMERO DE CONTROL |
| campo de control |
000027351 |
| 005 - FECHA Y HORA DE LA ÚLTIMA TRANSACCIÓN |
| campo de control |
20200930030754.0 |
| 008 - DATOS DE LONGITUD FIJA--INFORMACIÓN GENERAL |
| campo de control de longitud fija |
110331s1988 dr abc 000 0 spa d |
| 040 ## - FUENTE DE LA CATALOGACIÓN |
| Centro catalogador/agencia de origen |
DO-SdBNP |
| Lengua de catalogación |
spa |
| Centro/agencia transcriptor |
BNPHU |
| 082 ## - NÚMERO DE LA CLASIFICACIÓN DECIMAL DEWEY |
| Número de clasificación |
930.1729335 |
| Número de documento/Ítem |
O77i |
| 100 1# - ENTRADA PRINCIPAL--NOMBRE DE PERSONA |
| Nombre de persona |
Ortega, Elpidio, |
| Fechas asociadas al nombre |
1930- |
| 9 (RLIN) |
54290 |
| 245 13 - MENCIÓN DE TÍTULO |
| Título |
La Isabela y la arqueología en la ruta de Colón / |
| Mención de responsabilidad, etc. |
Elpidio José Ortega. |
| 260 ## - PUBLICACIÓN, DISTRIBUCIÓN, ETC. |
| Lugar de publicación, distribución, etc. |
San Pedro de Macorís, República Dominicana : |
| Nombre del editor, distribuidor, etc. |
Universidad Central del Este, |
| Fecha de publicación, distribución, etc. |
1988. |
| 300 ## - DESCRIPCIÓN FÍSICA |
| Extensión |
100 p. : |
| Otras características físicas |
il., mapas, retrs. ; |
| Dimensiones |
23 cm. |
| 490 1# - MENCIÓN DE SERIE |
| Mención de serie |
Universidad Central del Este |
| Designación de volumen o secuencia |
68 |
| 490 1# - MENCIÓN DE SERIE |
| Mención de serie |
V Centenario |
| Designación de volumen o secuencia |
2 |
| 500 ## - NOTA GENERAL |
| Nota general |
Incluye datos biográficos del autor en la contracubierta. |
| 504 ## - NOTA DE BIBLIOGRAFÍA, ETC. |
| Nota de bibliografía, etc. |
Bibliografía: p.99-100. |
| 590 ## - NOTA LOCAL (RLIN) |
| Nota local |
Inventariado, 2020/YL |
| 600 14 - PUNTO DE ACCESO ADICIONAL DE MATERIA--NOMBRE DE PERSONA |
| Nombre de persona |
COLÓN, CRISTÓBAL, |
| Fechas asociadas al nombre |
1451-1501 |
| Subdivisión general |
ITINERARIOS |
| 9 (RLIN) |
54429 |
| 650 #4 - PUNTO DE ACCESO ADICIONAL DE MATERIA--TÉRMINO DE MATERIA |
| Término de materia o nombre geográfico como elemento de entrada |
Excavaciones arqueológicas |
| Subdivisión geográfica |
República Dominicana |
| -- |
La Isabela |
| 9 (RLIN) |
54430 |
| 650 #4 - PUNTO DE ACCESO ADICIONAL DE MATERIA--TÉRMINO DE MATERIA |
| Término de materia o nombre geográfico como elemento de entrada |
Expediciones arqueológicas |
| Subdivisión geográfica |
República Dominicana |
| -- |
La Isabela |
| 9 (RLIN) |
54431 |
| 650 #4 - PUNTO DE ACCESO ADICIONAL DE MATERIA--TÉRMINO DE MATERIA |
| Término de materia o nombre geográfico como elemento de entrada |
Arqueología |
| Subdivisión geográfica |
República Dominicana |
| 9 (RLIN) |
34684 |
| 830 #0 - PUNTO DE ACCESO ADICIONAL DE SERIE-TÍTULO UNIFORME |
| Título uniforme |
Universidad Central del Este ; |
| Número de parte o sección de la obra |
68 |
| 9 (RLIN) |
54432 |
| 830 #0 - PUNTO DE ACCESO ADICIONAL DE SERIE-TÍTULO UNIFORME |
| Título uniforme |
V Centenario ; |
| Número de parte o sección de la obra |
2 |
| 9 (RLIN) |
54433 |
| 910 ## - DATOS DE OPCIÓN DEL USUARIO (OCLC) |
| Datos de opción del usuario |
Validado. Control de calidad EMS |